Language Quiz

Random Language or French Quiz

French: Months Quiz Stats

 Plays Quiz Updated Oct 9, 2018

Score 0/12 Timer 03:00
19 Plays Today
English French % Correct
Aprilavril
95%
Novembernovembre
94.9%
Decemberdécembre
94.7%
Maymai
94.6%
Septemberseptembre
94.5%
Octoberoctobre
94.2%
Januaryjanvier
92.5%
Marchmars
91.7%
Februaryfévrier
88.5%
Augustaoût
82.8%
Junejuin
82%
Julyjuillet
72.4%

You're not logged in!

Compare scores with friends on all Sporcle quizzes.
OR
Log In

Sporcle TV

Today on Sporcle TV


Watch our educational content, quiz creation guides, and fun videos on Sporcle TV.

Show Comments

Extras

Top Quizzes Today


Score Distribution

Your Account Isn't Verified!

In order to create a playlist on Sporcle, you need to verify the email address you used during registration. Go to your Sporcle Settings to finish the process.

Report this User

Report this user for behavior that violates our Community Guidelines.

Details: